Manual de marketing con Microsoft Office /
Obra en que se explican las aplicaciones de Excel, Power Point, Word y Outlook que son útiles para la administración de los siguientes procesos de mercadotecnia: presentación de decisiones, génesis de la marca, finanzas, marketing directo y promocional, puntos de venta, gestión de clientes, relacion...
Furkejuvvon:
| Váldodahkki: | |
|---|---|
| Materiálatiipa: | Girji |
| Giella: | espánnjágiella |
| Almmustuhtton: |
Buenos Aires, Argentina :
Omicron System,
2004, c2004
|
| Fáttát: | |
| Fáddágilkorat: |
Eai fáddágilkorat, Lasit vuosttaš fáddágilkora!
|
MARC
| LEADER | 00000nam^a2200000^a^4500 | ||
|---|---|---|---|
| 001 | 000183769 | ||
| 005 | 20250521000000.0 | ||
| 009 | 20260310102051.541 | ||
| 020 | |a 987-1046-31-6 | ||
| 037 | |a Acervo ITESO - Biblioteca | ||
| 041 | |a ESP | ||
| 082 | |a 658. 002855369 |b SAB | ||
| 100 | |a Sabatino, Mariano H. |e (autor) | ||
| 245 | 1 | 0 | |a Manual de marketing con Microsoft Office / |c M.H. Sabatino. |
| 264 | 4 | |a Buenos Aires, Argentina : |b Omicron System, |c 2004, c2004 | |
| 300 | |a 252 p. + |e 1 disco compacto de computadora | ||
| 336 | |a texto |b txt |2 rdacontenido | ||
| 337 | |a sin mediación |b n |2 rdamedio | ||
| 338 | |a volumen |b nc |2 rdasoporte | ||
| 520 | |a Obra en que se explican las aplicaciones de Excel, Power Point, Word y Outlook que son útiles para la administración de los siguientes procesos de mercadotecnia: presentación de decisiones, génesis de la marca, finanzas, marketing directo y promocional, puntos de venta, gestión de clientes, relaciones públicas, publicidad y diseño, aplicaciones a internet y estudios de mercado. | ||
| 649 | |a XX | ||
| 650 | |a Mercadotecnia | ||
| 650 | |a Paquetes (Software) | ||
| 650 | |a Empresas - |x Administración | ||
| 650 | |a Finanzas - |x Análisis | ||
| 650 | |a Toma de Decisiones | ||
| 650 | |a Encuesta | ||
| 650 | |a Investigación de Mercado | ||
| 650 | |a Marcas (Mercadotecnia) | ||
| 650 | |a Publicidad | ||
| 650 | |a Diseño del Producto | ||
| 650 | |a Diseño Gráfico | ||
| 650 | |a Campañas Publicitarias | ||
| 650 | |a Promoción del Producto | ||
| 650 | |a Clientes | ||
| 650 | |a Relaciones Públicas | ||
| 650 | |a Mercadotecnia Directa | ||
| 650 | |a Negocios en Internet | ||
| 650 | |a Proceso Administrativo - |x Dirección | ||
| 650 | |a Ciencias Administrativas | ||
| 910 | |a Fondo General | ||
| 920 | |a Impresos - Libros | ||
| 930 | |a Colección General | ||
| 905 | |a 101 | ||
| 901 | |a 0500124274 |b IT1 |c ACC |u 20250521 | ||
| 901 | |a 0500124280 |b IT2 |c SWS |u 20250521 | ||
| 902 | |a https://opac.biblio.iteso.mx/vufind/Record/000183769 | ||